| 000 | 01113nam a2200277Ia 4500 | ||
|---|---|---|---|
| 003 | OSt | ||
| 005 | 20221005111101.0 | ||
| 006 | a|||||r|||| 00| 0 | ||
| 007 | ta | ||
| 008 | 221004b |||||||| |||| 00| 0 hin d | ||
| 020 |
_a9788171195008 (hbk) _cINR 550.00 |
||
| 024 | _a41313 | ||
| 037 |
_b281, 15/02/2019, Eastern Book Linkers _cTextual |
||
| 040 |
_aCRL _cCRL _bhin |
||
| 041 |
_2hin _ahin |
||
| 082 | _aP152, 152N5;Q5 | ||
| 100 | _aश्रीवास्तव, रवीन्द्रनाथ, ले. | ||
| 245 | 0 |
_aहिन्दी भाषा _b संरचना के विविध आयाम |
|
| 246 | _aHindī bhāṣhā: sanrachanā ke vividh āyāma | ||
| 250 | _aसंस्करण 5 | ||
| 260 |
_aनई दिल्ली _bराधाकृष्ण भारत _c2015 |
||
| 300 |
_a254पृ0 _ccm. |
||
| 650 | _aहिन्दी व्याकरण | ||
| 942 |
_hP152, 152N5;Q5 _cTEXL _2cc |
||
| 999 |
_c1020765 _d1020765 |
||